000 01111nas a2200301 4500
001 BR8102522
003 BR-BrBNA
005 20231205084707.0
007 ta
008 230509b bl.|||p| |||| 00| 00por d
040 _aBR-BrBNA
_bpor
_cBiblioteca Nacional de Agricultura
041 _a(Pt)
072 _aH10
100 1 _aPizzamiglio, M.A.
100 1 _aVillacorta, A.
245 1 _aBiologia de Hymenomima extensaria Forbes (Lepidoptera - Geometridae em Coffea arabica L., danos causados e controle biologico natural [Cafe; Lagarta; Parana; Brasil]
246 1 _aBiology of Hymenomima extensaria Forbes (Lepidoptera - Geometridae on Coffea arabica (L.), damage and natural biological control [Coffee; Worm; Parana; Brazil]
650 _aPRAGA DE PLANTA
650 _aCAFE
650 _aLEPIDOPTERO
650 _aLAGARTA
650 _aBIOLOGIA
650 _aCONTROLE BIOLOGICO
650 _aPARANÁ
773 0 _tAnais da Sociedade Entomologica do Brasil (Brazil)
_xISSN 0301-8059
_g(1980), v. 9(2) p. 199-210
_wBR8102522
909 _a202311
_bLúcia
_c55
_dLúcia Elande
942 _2AGRIS
_n0
_cANA
999 _c106701
_d106701